| 000 | 00765cab a2200241 4500 | ||
|---|---|---|---|
| 001 | ABS58505 | ||
| 008 | 090401t1998 xxu||||| |||| 00| 0 eng d | ||
| 035 | _a(Sirsi) u85244 | ||
| 041 | _aeng | ||
| 100 | _aElliott, P. | ||
| 245 | 4 | _aThe valuation of fast food outlets in Australia: analysis, methodology and reliability | |
| 260 | _c1998 | ||
| 350 | _a0 | ||
| 490 |
_aValuer and Land Economist _vFebruary 1998, 59-65(7) |
||
| 520 | _aA detailed methodology for the valuation of fast food outlets. An abstract of a paper presented at the Cutting Edge Conference 1997. | ||
| 650 | _aAUSTRALIA | ||
| 650 | _aFAST FOOD OUTLETS | ||
| 650 |
_aValuation _96273 |
||
| 690 | _aRATING AND VALUATION | ||
| 700 | _aReed, R. | ||
| 942 | _n0 | ||
| 948 | _c26/03/1998 | ||
| 999 |
_c53584 _d53584 |
||